000 01297nam a2200229Ia 4500
999 _c5036
_d5036
003 OSt
005 20200506095720.0
008 191128s1991 ck gr 000 0 spa d
040 _aCO-JMCR
_cCO-JMCR
041 0 _aspa
082 0 4 _a306.3 /
_bP943e
110 1 _aColombia. Programa de las Naciones Unidas para el Desarrollo PNUD
_93964
245 0 _aEconomía popular :
_buna vía para el desarrollo sin pobreza en América Latina/
260 _aBogotá :
_bPrograma de las Naciones Unidas para el desarrollo,
_c1991
300 _a177 páginas ;
_c24 cm.
490 0 _aProyecto regional para la superación de la pobreza ;
_v5
505 _aPobreza y desarrollo -- Importancia y orientación de la pequeña producción popular -- La economía popular : concepto y dinámica -- El reto de la economía popular -- Programa de apoyo a la economía popular -- El crédito al sector pproductivo popular
520 _aLa iniciativa productiva demostrada por millones de latinoamericanos pobres, el pepl y desarrollo de la pequeña empresa en un nuevo paradigma tecnológico y las posibilidades que hoy ofrece una nueva división internacional de la producción.
650 1 4 _aEconomía solidaria Sector informal
_93965
650 2 4 _aDesarrollo social Economía urbana
_93966
942 _2ddc
_cBK